Statistics for Element Trivia #2

Click here to take the quiz!

General Stats

  • This quiz has been taken 14 times
  • The average score is 5 of 10

Answer Stats

HintAnswer% Correct
How many 4 letter elements are there?5
100%
What is element 1?Hydrogen
83%
What element has symbol K?Potassium
75%
What is the shortest element name?Tin
75%
How many lanthanides are there?14
50%
What element contains the letters “ryp” consecutively?Krypton
42%
Which element with a R in its symbol has the lowest atomic number?Argon
17%
What is the last element to end with NOT IUM?Oganesson
17%
What is manganese’s atomic number + argon’s?43
0%
What is the 2nd actinide?Thorium
0%

Score Distribution

Percentile by Number Answered

Percent of People with Each Score

Your Score History

You have not taken this quiz